| 000 | 00307nam a2200121 4500 | ||
|---|---|---|---|
| 082 | 0 | _a808.1 | |
| 100 | 1 | _aMatti, Severino M. | |
| 245 | 1 | 0 |
_aThe tears of juba and other poems from south sudan _cSeverino M Matti |
| 260 |
_aJuba _cc.1993 |
||
| 300 | _a44 p. | ||
| 700 | 1 | _aMatti, Severino M. | |
| 942 |
_2ddc _cBK |
||
| 999 |
_c64293 _d64267 |
||